| 000 | 01199nam a22003497a 4500 | ||
|---|---|---|---|
| 003 | CHAP | ||
| 005 | 20220329141634.0 | ||
| 008 | 971013s1992 r 00010 d | ||
| 010 | _a71466 | ||
| 011 | _a72438 | ||
| 035 | _a81993 | ||
| 040 | _cCHAP | ||
| 082 |
_a632.8 _bP5 1992 |
||
| 100 | 0 | 0 |
_aPinto Cortés, Benito. _988287 |
| 245 | _aVirología agrícola | ||
| 250 | _a2 ed. | ||
| 260 |
_aChapingo, Méx. : _bUACH. Departamento de Parasitología Agrícola, _c1992 |
||
| 300 | _a296 p. | ||
| 590 |
_aBATCH-UPD _b10 _c20130110 _lUCH01 _h1022 |
||
| 590 |
_aBATCH-UPD _b10 _c20130410 _lUCH01 _h0627 |
||
| 590 |
_aBATCH-UPD _b10 _c20130914 _lUCH01 _h1919 |
||
| 590 |
_aCONVERSION _b10 _c20130109 _lUCH01 _h1339 |
||
| 650 | 1 | 4 |
_aPlantas _xEnfermedades por virus. _988834 |
| 650 | 1 | 4 |
_aViroides. _9119932 |
| 650 | 1 | 4 |
_aVirus. _9119936 |
| 901 | _aBK | ||
| 942 | _cLIBRO | ||
| 949 |
_a632.8 P5 1992 _bBC _cLIBRO _d33724000181277 _eLIBRO _h86670 _i81993 _so |
||
| 949 |
_a632.8 P5 1992 _bBC _cLIBRO _d33724000181434 _eLIBRO _fc.3 _h87837 _i81993 _mD _si |
||
| 949 |
_a632.8 P5 1992 _bBC _cLIBRO _d33724000939492 _eLIBRO _fc.4 _h87838 _i81993 _mD _si |
||
| 949 |
_a632.8 P5 1992 _bBC _cUACH _d-35780 _eUACH _fc.2 _h86671 _i81993 _si |
||
| 999 |
_c71466 _d71466 |
||